Ohio State Football Head Coaches - Statistics

General Stats
  • This quiz has been taken 6 times
  • The average score is 7 of 25
Answer Stats
# Head Coach Term Games
Coached
W L T Winning % % Correct
22 Jim Tressel 2001–2010 128 94 22 0.81
100%
24 Ryan Day 2019–present 94 82 12
100%
23 Urban Meyer 2012–2018 92 83 9 0.902
100%
19 Woody Hayes 1951–1978 276 205 61 10 0.761
80%
20 Earle Bruce 1979–1987 108 81 26 1 0.755
60%
Int Luke Fickell 2011 13 6 7 0.462
60%
15 Paul Brown 1941–1943 27 18 8 1 0.685
60%
21 John Cooper 1988–2000 158 111 43 4 0.715
40%
16 Carroll Widdoes 1944–1945 18 16 2 0 0.889
20%
14 Francis Schmidt 1934–1940 56 39 16 1 0.705
20%
12 John Wilce 1913–1928 120 78 33 9 0.688
20%
17 Paul Bixler 1946 9 4 3 2 0.556
20%
13 Sam Willaman 1929–1933 41 26 10 5 0.695
20%
18 Wes Fesler 1947–1950 37 21 13 3 0.608
20%
8 Albert Herrnstein 1906–1909 39 28 10 1 0.731
0%
1 Alexander Lilley 1890–1891 8 3 5 0 0.375
0%
3 Charles Hickey 1896 11 5 5 1 0.5
0%
4 David Edwards 1897 9 1 7 1 0.167
0%
7 Edwin Sweetland 1904–1905 23 14 7 2 0.652
0%
10 Harry Vaughan 1911 10 5 3 2 0.6
0%
9 Howard Jones 1910 10 6 1 3 0.75
0%
2 Jack Ryder 1892–1895, 1898 46 22 22 1 0.5
0%
5 John Eckstorm 1899–1901 29 22 4 3 0.81
0%
11 John Richards 1912 9 6 3 0 0.667
0%
6 Perry Hale 1902–1903 21 14 5 2 0.714
0%
No matching quizzes found
Score Distribution
Percent of People with Each Score
Percentile by Number Answered
Your Score History
You have not taken this quiz